000 00573nam a22001697a 4500
003 OSt
005 20240927151450.0
008 240927b |||||||| |||| 00| 0 eng d
040 _c0
082 _aDPer 050 R22 2000 June -December 2023 v123 no. 7124-728
100 _aHickling, Susannah.
_eauthor.
_961738
245 _aHealth :
_bchanges that could help your asthma /
_cSusannah Hickling.
260 _aTaipei ;
_bReader's Digest Asia,
_cJune2023.
300 _aVolume 123, pages 14-15 ,
_billustration.
700 _aHickling, Susannah.
_eauthor.
_961668
942 _2ddc
_cPER
999 _c21956
_d21956